The social animal : Elliot Aronson

Bibliographic Details
Main Author: Aronson, Elliot
Format: Book
Published: San Francisco : W.H.Freemen and company , 1972
Subjects:

MARC

LEADER 00000cam a2200000 7i4500
001 0000018564
002 000020194
005 20000330.0
020 |a 0716705494 
090 0 0 |a 302   |b ARO 
100 1 |a Aronson, Elliot 
245 1 4 |a The social animal :   |b Elliot Aronson 
260 |a San Francisco :   |b W.H.Freemen and company ,   |c 1972 
300 |a 336p. ;   |c 22cm. 
650 0 0 |a Social psychology 
999 |a 0000110   |b BUKU   |c PINJAMAN   |e PERPUSTAKAAN KOMUNITI PETALING JAYA